<?xml version="1.0" encoding="UTF-8"?>
<record
    xmlns:xsi="http://www.w3.org/2001/XMLSchema-instance"
    xsi:schemaLocation="http://www.loc.gov/MARC21/slim http://www.loc.gov/standards/marcxml/schema/MARC21slim.xsd"
    xmlns="http://www.loc.gov/MARC21/slim">

  <leader>01339nam a22001817a 4500</leader>
  <controlfield tag="003">IT-RoPau</controlfield>
  <controlfield tag="005">20220918181222.0</controlfield>
  <controlfield tag="008">141007b        xxu||||| |||| 00| 0 eng d</controlfield>
  <datafield tag="040" ind1=" " ind2=" ">
    <subfield code="c">IT-RoPau</subfield>
  </datafield>
  <datafield tag="100" ind1=" " ind2=" ">
    <subfield code="a">Bosetti, Elena</subfield>
    <subfield code="9">33955</subfield>
  </datafield>
  <datafield tag="245" ind1=" " ind2=" ">
    <subfield code="a">Canto di Pace</subfield>
    <subfield code="b">La donna nella Bibbia</subfield>
  </datafield>
  <datafield tag="260" ind1=" " ind2=" ">
    <subfield code="a">Castelgandolfo (Roma)</subfield>
    <subfield code="b">Centro Sussidi Vocazionali (Suore Apostoline)</subfield>
    <subfield code="c">1996</subfield>
  </datafield>
  <datafield tag="300" ind1=" " ind2=" ">
    <subfield code="a">118 pp.</subfield>
    <subfield code="c">20 cm</subfield>
  </datafield>
  <datafield tag="490" ind1=" " ind2=" ">
    <subfield code="a">Centro Sussidi Vocazionali (Suore Apostoline)</subfield>
    <subfield code="v">1&#xB0; Vol. - Supplemento a Se vuoi 4/1996 - Anno XXXVI</subfield>
  </datafield>
  <datafield tag="500" ind1=" " ind2=" ">
    <subfield code="a">Per Agnese Silvia e Pia, Anna e Lia Maria Grazia e Silvana Sara, Gloria e Maddalena voci che amo e cantano pace</subfield>
  </datafield>
  <datafield tag="520" ind1=" " ind2=" ">
    <subfield code="a">Indice
Prefazione
Presentazione
Eva, la prima donna
Sara  la sterile graziata
Rebecca, Lia e Rachele, madri di Israele
Miriam, la profetessa dell&#x2019;Esodo
Debora, la giudice
Abigail, la donna saggia
Giuditta, donna della speranza
Ester, la regina che capovolge le sorti
La ragazza che cerca il suo amore
Dall&#x2019;Antico al Nuovo Testamento
Elisabetta e Anna
Maria, la donna del s&#xEC;
La donna di Samaria, al pozzo di Sicar
Marta e Maria, due sorelle alla scuola di Ges&#xF9;
La donna che amo di pi&#xF9;
Ragazza, alzati! Talith&#xE0; kum!
Maria di Betania, la donna che d&#xE0; tutto
Maria di Magdala, la donna chiamata per nome
Vie diverse alla pace
Indicazione bibliografica
</subfield>
  </datafield>
  <datafield tag="942" ind1=" " ind2=" ">
    <subfield code="2">ddc</subfield>
    <subfield code="c">BK</subfield>
  </datafield>
  <datafield tag="999" ind1=" " ind2=" ">
    <subfield code="c">104523</subfield>
    <subfield code="d">104523</subfield>
  </datafield>
  <datafield tag="952" ind1=" " ind2=" ">
    <subfield code="0">0</subfield>
    <subfield code="1">0</subfield>
    <subfield code="2">ddc</subfield>
    <subfield code="4">0</subfield>
    <subfield code="6">P_E2</subfield>
    <subfield code="7">1</subfield>
    <subfield code="a">PAULUS</subfield>
    <subfield code="b">PAULUS</subfield>
    <subfield code="d">2014-10-07</subfield>
    <subfield code="l">0</subfield>
    <subfield code="o">P E2</subfield>
    <subfield code="r">2014-10-07 00:00:00</subfield>
    <subfield code="w">2014-10-07</subfield>
    <subfield code="y">BK</subfield>
  </datafield>
  <datafield tag="952" ind1=" " ind2=" ">
    <subfield code="0">0</subfield>
    <subfield code="1">0</subfield>
    <subfield code="2">ddc</subfield>
    <subfield code="4">0</subfield>
    <subfield code="6">P_E2</subfield>
    <subfield code="7">1</subfield>
    <subfield code="a">PAULUS</subfield>
    <subfield code="b">PAULUS</subfield>
    <subfield code="d">2014-10-07</subfield>
    <subfield code="l">0</subfield>
    <subfield code="o">P E2</subfield>
    <subfield code="r">2014-10-07 00:00:00</subfield>
    <subfield code="w">2014-10-07</subfield>
    <subfield code="y">BK</subfield>
  </datafield>
  <datafield tag="952" ind1=" " ind2=" ">
    <subfield code="0">0</subfield>
    <subfield code="1">0</subfield>
    <subfield code="2">ddc</subfield>
    <subfield code="4">0</subfield>
    <subfield code="6">P_E2</subfield>
    <subfield code="7">1</subfield>
    <subfield code="a">PAULUS</subfield>
    <subfield code="b">PAULUS</subfield>
    <subfield code="d">2014-10-07</subfield>
    <subfield code="l">0</subfield>
    <subfield code="o">P E2</subfield>
    <subfield code="r">2014-10-07 00:00:00</subfield>
    <subfield code="w">2014-10-07</subfield>
    <subfield code="y">BK</subfield>
  </datafield>
</record>
